| 000 | 00584nam a2200181 4500 | ||
|---|---|---|---|
| 001 | 14813 | ||
| 005 | 20230410120949.0 | ||
| 008 | 060907n1999 dr spa | ||
| 020 | _a9968778427 | ||
| 035 | _9funglode14938 | ||
| 041 | _aEN | ||
| 050 | 1 | 4 | _aJC 599 T874 1999 |
| 245 | 0 |
_aTruth and justice : _bin search of reconciliation in Suriname / _cEditors Alfredo W. Forti and Georgine Miranda |
|
| 260 |
_aSan José : _bInter-American Institute of Human Rights (IIHR), _c1999 |
||
| 300 | _a233 p. | ||
| 700 | _aForti, Alfredo W. \ Miranda, Georgine de | ||
| 942 |
_2lcc _cbk |
||
| 999 |
_c55260 _d55260 |
||